| 000 | 01206cam a22003375a 4500 | ||
|---|---|---|---|
| 001 | 015869209 | ||
| 003 | OSt | ||
| 005 | 20160811152717.0 | ||
| 008 | 110810t2012 moua frb 001 0 eng d | ||
| 020 | _a9781437724202 (hbk.) | ||
| 020 | _a1437724205 (hbk.) | ||
| 040 |
_aStDuBDS _beng _cStDuBDS _dUkOxU _dEG-ScBUE |
||
| 082 | 0 | 4 |
_a617.52059 _222 _bMAX |
| 245 | 0 | 0 |
_aMaxillofacial trauma & esthetic facial reconstruction / _c[edited by] Peter Ward-Booth, Barry L. Eppley, Rainer Schmelzeisen. |
| 246 | 3 | 3 | _aMaxillofacial trauma and esthetic facial reconstruction |
| 250 | _a2nd ed. | ||
| 260 |
_aMissouri : _bElsevier / Saunders, _cc.2012. |
||
| 300 |
_axii, 623 p. : _bill. (some col.) ; _c29 cm. |
||
| 500 | _aPrevious ed.: Edinburgh : Churchill Livingstone, 2003. | ||
| 500 | _aIndex : p. 609-623. | ||
| 504 | _aIncludes bibliographical references. | ||
| 650 | 0 |
_aFace _xWounds and injuries. _2BUEsh |
|
| 650 | 7 |
_aFace _xSurgery. _2BUEsh _935960 |
|
| 651 | _2BUEsh | ||
| 653 |
_bDDent _cMarch2016 |
||
| 650 | 7 |
_935959 _aMaxilla _xSurgery _2BUEsh |
|
| 700 | 1 |
_aWard Booth, Peter, _eeditor. |
|
| 700 | 1 |
_aEppley, Barry L., _eeditor. |
|
| 700 | 1 |
_aSchmelzeisen, R. _q(Rainer) _eeditor. |
|
| 942 | _2ddc | ||
| 999 |
_c21349 _d21321 |
||